Problematika zahraničného obchodu Slovenskej republiky v dynamickom geoekonomickom prostredí inauguračná prednáška
Salvato in:
| Autore principale: | |
|---|---|
| Ente Autore: | |
| Natura: | Libro |
| Lingua: | slovacco |
| Pubblicazione: |
Bratislava
Vydavateľstvo EKONÓM
2025
|
| Edizione: | 1. vydanie |
| Soggetti: | |
| Tags: |
Nessun Tag, puoi essere il primo ad aggiungerne!!
|
MARC
| LEADER | 00000nam a2200000 4500 | ||
|---|---|---|---|
| 001 | 0315235 | ||
| 005 | 20260306092224.0 | ||
| 020 | |a 978-80-225-5297-4 | ||
| 041 | 0 | |a slo | |
| 044 | |a SK | ||
| 245 | 1 | 0 | |a Problematika zahraničného obchodu Slovenskej republiky v dynamickom geoekonomickom prostredí |b inauguračná prednáška |c Elena Kašťáková |
| 250 | |a 1. vydanie | ||
| 264 | 1 | |a Bratislava |b Vydavateľstvo EKONÓM |c 2025 | |
| 300 | |a 158 s. | ||
| 610 | 2 | 0 | |a obchod zahraničný |
| 610 | 2 | 0 | |a obchod medzinárodný |
| 610 | 2 | 0 | |a vývoz |
| 100 | 1 | |a Kašťáková, Elena, 1974- | |
| 710 | 2 | |a Ekonomická univerzita v Bratislave. Obchodná fakulta | |